Gabriel Zaid : lectura y conversación /

Gabriel Zaid (1934-), poeta y ensayista mexicano nacido en Monterrey, Nuevo León. Es miembro de la Real Academia de Letras Mexicanas desde 1989. Entre las obras que ha publicado se encuentran Reloj de sol, que reúne sus mejores creaciones poéticas; Poesía en la práctica, ensayo crítico a la Ilustrac...

Descripció completa

Guardat en:
Dades bibliogràfiques
Autor principal: Beck, Humberto (autor)
Format: Llibre
Idioma:espanyol
Publicat: México : Jus, 2004, c2004
Matèries:
Etiquetes: Afegir etiqueta
Sense etiquetes, Sigues el primer a etiquetar aquest registre!

MARC

LEADER 00000nam^a2200000^a^4500
001 000175521
005 20250521000000.0
009 20260310101608.743
020 |a 968-423-462-7 
037 |a Acervo ITESO - Biblioteca 
041 |a ESP 
082 |a 860. 972063  |b BEC 
100 |a Beck, Humberto  |e (autor) 
245 1 0 |a Gabriel Zaid :  |b lectura y conversación /  |c H. Beck. 
264 4 |a México :  |b Jus,  |c 2004, c2004 
300 |a 54 p. 
336 |a texto  |b txt  |2 rdacontenido 
337 |a sin mediación  |b n  |2 rdamedio 
338 |a volumen  |b nc  |2 rdasoporte 
520 |a Gabriel Zaid (1934-), poeta y ensayista mexicano nacido en Monterrey, Nuevo León. Es miembro de la Real Academia de Letras Mexicanas desde 1989. Entre las obras que ha publicado se encuentran Reloj de sol, que reúne sus mejores creaciones poéticas; Poesía en la práctica, ensayo crítico a la Ilustración y el romanticismo; Omnibús de poesía mexicana, es una antología de textos; Los demasiados libros; De los libros al poder; Cómo leer en bicicleta; El progreso improductivo; Hace falta empresarios creadores de empresarios; La economía presidencial. Estos últimos son escritos que plasman su postura crítica social. El presente estudio realiza una acercamiento al pensamiento de Zaid a través de sus obras. 
649 |a XX 
650 |a Escritores Mexicanos 
650 |a Poesía Mexicana -  |x Historia y Crítica 
650 |a Ensayos Mexicanos -  |x Historia y Crítica 
650 |a Literatura Mexicana -  |x Historia y Crítica 
650 |a Literatura Mexicana -  |y Siglo XX 
650 |a Zaid, Gabriel 
910 |a Fondo General 
920 |a Impresos - Libros 
930 |a Colección General 
940 |a Literatura 
905 |a 101 
901 |a 0500113398  |b IT1  |c LIT  |u 20250521 
901 |a 0500114838  |b IT1  |c LIT  |u 20250521 
902 |a https://opac.biblio.iteso.mx/vufind/Record/000175521